Lügat-ı hoş-eda : (Record no. 15717)

MARC details
000 -BAŞLIK
Sabit Uzunlukta Kontrol Alanı 01028nam a22002657a 4500
999 ## - SİSTEM KONTROL NUMARALARI (KOHA)
Koha Biblionumber 15717
Koha Biblioitemnumber 15717
003 - KONTROL NUMARASI IDENTIFIER
Denetim Alanı MIRAKIL
005 - SON İŞLEM TARİHİ VE ZAMANI
Denetim Alanı 20240321132244.0
008 - SABİT-BOY VERİ ELEMANLARI - GENEL BİLGİLER
Sabit Uzunlukta Kontrol Alanı 240321b tu ||||| |||| 00| 0 tur d
020 ## - ULUSLARARASI STANDART KİTAP NUMARASI
Uluslararası Standart Kitap Numarası 9789751748201
040 ## - KATALOGLAMA KAYNAK
Orijinal Kataloglama Ajansı TR-AnCHP
Metne Dönüştürmek Ajansı TR-AnCHP
041 ## - DİL KODU
Metin / Ses Parça Veya Ayrı Başlığın Dil Kodu tur
082 ## - DEWEY ONLU SINIFLANDIRMA NUMARASI
Sınıflandırma Numarası 491.7394335
Ürün Numarası F39l 2021
100 ## - ANA GİRİŞ - KİŞİSEL İSİM
Kişisel Ad Eşref Feyzi
245 10 - BAŞLIK TABLOSU
Başlık Lügat-ı hoş-eda :
Başlığın Kalan (Arapça-Farsça-Türkçe manzum sözlük) /
Sorumluluk Tablosu, Vb Eşref Feyzi ; [yazar] Dr. Hasan Ekici
260 ## - YAYIN, DAĞITIM, VB
Yayın, Dağıtım, Vb Yeri Ankara :
Yayıncı, Dağıtıcı, Vs Adı Türk Dil Kurumu Yayınları,
Yayın, Dağıtım, Vb Tarihi 2021.
300 ## - FİZİKSEL TANIM
Kapsam 106 sayfa, 38 sayfa numarasız :
Diğer Fiziksel Ayrıntıları tablo ;
Boyutlar 24 cm.
490 0# - SERİSİ TABLOSU
Seri Beyanı Atatürk Kültür, Dil ve Tarih Yüksek Kurumu Türk Dil Kurumu Yayınları ;
Hacim / Ardışık Tanımı 1408.
500 ## - GENEL NOT
Genel Not Eser Türkçe, Arapça ve Farsça metin içerir<br/>
504 ## - KAYNAKÇA VB NOT
Kaynakça Vb Notu Kaynakça: 101-106. sayfa<br/>
600 #0 - KONU KATMA GİRİŞ - KURUMSAL ADI
9 (RLIN) 7825
Kişisel Ad Eşref Feyzi
650 #0 - KONU KATMA GİRİŞ - TOPİKAL DÖNEM
9 (RLIN) 7826
Topikal Süreli Veya Coğrafi Ad Giriş Elemanı Arapça-Türkçe sözlük
650 #0 - KONU KATMA GİRİŞ - TOPİKAL DÖNEM
9 (RLIN) 7827
Topikal Süreli Veya Coğrafi Ad Giriş Elemanı Farsça-Türkçe sözlük
856 ## - ELEKTRONİK YER VE ERİŞİM
Kamu Notu Dijital Nüshası için Partimizin Kütüphane Sorumlusu ile iletişime geçiniz.
942 ## - EKLENDİ GİRİŞ ELEMANLARI (KOHA)
Sınıflandırma Veya Raf Düzeni Kaynak Dewey Decimal Classification
Koha Öğesi Türü Books
Holdings
Kalıcı Konum Mevcut Konum Edinme Tarihi Toplam Check-Out'Lar Tam Çağrı Numarası Barkod Tarih Son Görülme İtibaren Geçerli Fiyatlar Koha Öğesi Türü
CHP Kütüphanesi CHP Kütüphanesi 03/21/2024   491.7394335 F39l 2021 21649 03/21/2024 03/21/2024 Books